000
00190 a2200097 4500
001
8015
100
_a
Embry,
245
_a
Mission completed
260
_a
_b
Methuen
_c
090
_c
6423
_d
6423
942
_a
NUST-CAE
_c
M
_c
32960
999
_c
243088
_d
243088